000 00730cam a2200265I 4500
001 4698470
003 ARRUPE
005 20160422124249.0
008 800912s1955 enk 000 0 eng c
010 _aa 56004462
035 _a(OCoLC)ocm06705647
035 _a(NNC)4698470
040 _aVXM
_cIDJ
_dOCL
041 1 _aeng
_hfre
098 _aXC
100 1 _aMounier, Emmanuel,
_d1905-1950.
_918775
245 1 4 _aThe spoil of the violent.
_cEmmanuel Mounier
260 _aLondon,
_bHarvill Press
_c1955
300 _a85 p.
_c22 cm.
500 _aTranslation of L'affrontement chrétien.
650 0 _aExistentialism
_91759
650 0 _aChristianity and philosophy
_924066
942 _2lcc
_cMONOGRAPH
999 _c124691
_d124691